|
|
|
|
| LEADER |
00602cam a2200193 a 4500 |
| 001 |
0000087416 |
| 005 |
20071218090000.0 |
| 040 |
|
|
|a mod
|
| 041 |
|
|
|a eng
|
| 020 |
0 |
0 |
|a 0764134175
|
| 090 |
0 |
0 |
|a 004.003
|b DOW
|e 1986
|
| 100 |
0 |
0 |
|a Downing
|h Douglas
|
| 245 |
0 |
0 |
|a Dictionary of computer and internet terms
|c Douglas Downing, Michael A.Covington...[et.al.]
|
| 260 |
0 |
0 |
|a New York
|b Barron's
|c 1986
|
| 300 |
0 |
0 |
|a [various paging]
|b ill.
|c 18 cm
|
| 650 |
0 |
0 |
|a Computers
|x Dictionaries
|
| 650 |
0 |
0 |
|a Internet
|x Dictionaries
|
| 700 |
1 |
1 |
|a Covington
|h Michael A
|
| 999 |
|
|
|a 0258977
|b KTU
|d BOOKS
|e Rujukan
|f KTU
|j AVAILABLE
|q GOOD CONDITION
|